| 000 | 02160nam a22003377a 4500 | ||
|---|---|---|---|
| 003 | OSt | ||
| 005 | 20230427092441.0 | ||
| 008 | 221006b |||||||| |||| 00| 0 eng d | ||
| 040 | _cBiblioteca Lado V | ||
| 082 |
_a708.972.9 _bB622c |
||
| 100 |
_9821 _aBishop, Jacqueline _eeditor |
||
| 245 |
_aCalabash/ _bA Journal of Caribbean arts and Letters/ |
||
| 260 |
_bNew York University _aNew York _c2000 |
||
| 300 |
_c18x23cm _a155p. |
||
| 366 | _efre | ||
| 490 |
_a1 _v1 |
||
| 505 |
_tFiction _aMommie, My Star Pupil Watching and Waiting School The Duppy Coconut Tree The Story of Dance and Rain Historie de Dance de Pluie An Excercise in Discipline The Verandah Vanishing Point On The Side Mr. Hugo |
||
| 505 |
_tPoetry _aCurry Powder moruga Alzeiheimer's Disease Anturiums The Last Resort Wrecks Cricketing Caribbean Fresco Boundaries Notes From an Emancipation Poem Stripper, Or Whats In a Name Untitled I Untitled I V The Woman Who Was Not My Gradmother What Patrimony Can do to a Body Six Ways of Envisioning Loss What i want The Spider Speaks Kamau;s Spider Sea Jazz An Attractive Middle-Aged Woman Dines Out Une Sduisante Femme On A Journey to Discover Her Caribbean Ingredient I tHink i Saw Apollo Weeping I Remember Two Seasons Two Guavas Visiting the Dead The Exile's Return The Exile |
||
| 505 |
_tNon-Fiction
_aTransferring The Carribbean Babylon ti the Stage The Unbridled Sea The Visual Arts of Aruba |
||
| 505 | _tSupplement Catalogus 4 | ||
| 650 |
_2Tesauro de Arte & Arquitectura _aARTE _9703 |
||
| 650 |
_2Tesauro de Arte & Arquitectura _aEXPOSICIONES |
||
| 650 |
_2Tesauro de Arte & Arquitectura _aCULTURA |
||
| 650 |
_2Tesauro de Arte & Arquitectura _aAPRECIACION |
||
| 650 |
_2Tesauro de Arte & Arquitectura _aTEORIA |
||
| 650 |
_2Tesauro de Arte & Arquitectura _aVIDEO |
||
| 650 |
_2Tesauro de Arte & Arquitectura _aMUSICA _9702 |
||
| 650 |
_2Tesauro de Arte & Arquitectura _aLITERATURA |
||
| 650 |
_2Tesauro de Arte & Arquitectura _aCARIBE |
||
| 942 |
_2ddc _c1 _h708.972.9 _iB622c _n0 |
||
| 999 |
_c3479 _d3479 |
||